000 00781nam a2200253 a 4500
003 BD-DhJNU
005 20250619051335.0
008 221124r20121963ii a|||| |||| 001 0 eng d
020 _a9780070445208
020 _a0070445206
040 _aBD-DhJNU
_bENG
_cBD-DhJNU
_dBD-DhJNU
082 _a519.5 MOI
_223
100 1 _aMood, Alexander M.
245 1 4 _aIntroduction to the theory of statistics /
_cby Alexander M. Mood, Ffranklin A. Graybill and Duan C. Boes.
250 _a3rd ed.
260 _aNew Delhi :
_bMcGraw-Hill,
_cc1963 [Reprinted 2012].
300 _axvi, 564 p. ;
_bill. ;
_c22 cm.
504 _aIncludes index.
650 0 _aMathematical statistics.
650 0 _aStatistics.
700 1 _a Graybill, Ffranklin A.
700 1 _aBoes, Duan C.
942 _cBK
999 _c1797
_d1797